000 00217nam a2200097 a 4500
005 20200930070543.0
008 110913s1774 000 spa d
245 0 _aWerther.
260 _aParis,
_c1774.
999 _c33320
_d33320
040 _aDO-SdBNP